Emerging organizational forms : the proliferation of regional intergovernmental organizations in the modern world-system

Αποθηκεύτηκε σε:
Λεπτομέρειες βιβλιογραφικής εγγραφής
Κύριος συγγραφέας: Hawdon, James
Μορφή: Βιβλίο
Γλώσσα:English
Δημοσίευση: Westport : Greenwood Press, c1996
Σειρά:Contributions in sociology ; ; 119
Θέματα:
Ετικέτες: Προσθήκη ετικέτας
Δεν υπάρχουν, Καταχωρήστε ετικέτα πρώτοι!

MARC

LEADER 00000nam a2200000 i 4500
001 1/66509
008 990115s1996 eng d
020 |a 0-313-30035-6 
035 |l 10047317 
040 |a GR-MY-UA  |b gre  |e aacr 
041 0 |a eng 
082 0 |a 341.24 
100 1 |a Hawdon, James. 
245 1 0 |a Emerging organizational forms :  |b the proliferation of regional intergovernmental organizations in the modern world-system /  |c James Hawdon 
260 |a Westport :   |b Greenwood Press,   |c c1996 
300 |a 161 p. 
490 1 |a Contributions in sociology  |v ; 119  |x 0084-9278 
504 |a Includes bibliographical references and index 
650 0 0 |a International agencies. 
650 0 0 |a International organization. 
650 0 0 |a Regionalism (International organization) 
830 0 |a Contributions in sociology ;  |v ; 119  |x 0084-9278 
852 |a INST  |b LESVOS  |e 19990115  |h 341.24 HAW  |p 005100016908  |q 005100016908  |t BK  |y 0 
901 |a BIBL-1999-1 
909 |a Λ  |b 061584 
922 |a 1ΕΛΗ  |b 199812  |c ΚΠΣ/ΤΚ  |d ΠΑΠΑΣΩΤΗΡΙΟΥ 
950 |a 103-1998-07-27